000 00548nam a2200181Ia 4500
003 LK-CoDNM
005 20240227104344.0
008 010623t1892 xxu||||| |||| 00| 1 sin d
040 _aLK-CoDNM
_dLK-CoDNM
_eLK-CoDNM
041 _asin
080 _a104 U22
100 _aPerera,Harmarnis
245 _aගාල්ලේ සිට කොළඹට යන මාර්ග විස්තරය
246 _aGaalle sita kolabata yana maarga wistharaya
260 _bS.A.Z.Siriwardena
_aGall
_c1892
300 _bDamaged
_a12p., 18 cm
942 _cBK
999 _c83552
_d83552